|
|
|
|
| LEADER |
00000nam a2200000 a 4500 |
| 001 |
vtls001382114 |
| 003 |
SK-MaSNL |
| 005 |
20260301183230.0 |
| 008 |
251113s1999 PL g rb 0 pol |
| 020 |
|
|
|a 8370632378
|c [160,00]
|
| 035 |
|
|
|a SNK000336152
|
| 040 |
|
|
|a SNK
|b slo
|c SNK
|e AACR2
|
| 044 |
|
|
|a PL
|
| 080 |
|
|
|a 929 Lutosławski, W.
|2 1981
|
| 080 |
|
|
|a 78.071.1(438)=84
|2 1981
|
| 245 |
1 |
|
|a Witold Lutosławski
|b człowiek i dzieło w perspektywie kultury muzycznej 20 wieku
|c pod redakcją Jana Astriaba, Macieja Jabłońskiego i Jana Stęszewskiego
|
| 260 |
|
|
|a Poznań
|b Poznańskie Towarzystwo Przyjaciół Nauk
|c 1999
|
| 300 |
|
|
|a 267 s.
|c 24 cm
|
| 490 |
1 |
|
|a Prace Komisji Muzykologicznej
|x 1230-0187
|v t. 10
|
| 500 |
|
|
|a Súbež. tit. strana angl., čiast. text angl. a nem.
|
| 600 |
1 |
|
|a Lutosławski, Witold,
|d 1913-1994
|2 SNK
|9 118999
|
| 700 |
1 |
|
|a Astriab, Jan
|4 upr
|9 558220
|
| 700 |
1 |
|
|a Jabłoński, Maciej
|d 1962-
|4 upr
|9 293827
|
| 700 |
1 |
|
|a Stęszewski, Jan
|4 upr
|9 463816
|
| 830 |
|
0 |
|a Prace Komisji Muzykologicznej
|9 523474
|
| 919 |
|
|
|a 83-7063-237-8
|
| 999 |
|
|
|c 856263
|d 858193
|
| 952 |
|
|
|t P60, <04>, [BOOK], {604}
|a SNK
|b SNK
|y VYP
|7 0
|p 17A0228131
|o snkIC 128407
|i snkV 295/2000
|0 0
|1 0
|4 0
|d 2000-02-21
|l 0
|r 2005-01-02 00:00:00
|w 2026-02-24
|